000 00546nab#a2200181#c#4500
999 _c87974
_d87974
003 IEF
005 20191204125654.0
008 950704s1976 uuu|| #####0 b| |u
040 _aIEF
_cES-MaIEF
100 1 _aFlores de Lemus, Antonio
_916049
245 _aCartas de Flores de Lemus al Ministro de Hacienda García Alix
_c Antonio Flores de Lemus
260 _c1976
650 4 _aFLORES DE LEMUS, ANTONIO (1876-1941)
_944347
773 0 _tHacienda pública española
_w34570
_g42-43, p. 391-421
942 _2udc
942 _2udc